Score 0/191 Timer 08:00
2 Plays Today
% Correct
a
98.6%
a
97.9%
a
97.9%
a
97.9%
a
97.9%
I
97.9%
I
97.9%
I
97.9%
I
97.9%
I
97.9%
I
97.9%
I
97.9%
I
97.9%
I
97.9%
the
95.1%
the
95.1%
the
95.1%
the
95.1%
the
95.1%
the
95.1%
the
95.1%
the
95%
of
93.6%
of
93.6%
of
93.6%
of
93.6%
of
93.6%
And
92.8%
and
92.8%
And
92.8%
and
92.8%
and
92.8%
and
92.8%
and
92.8%
and
92.8%
My
92.6%
my
92.6%
my
92.6%
my
92.6%
my
92.6%
my
92.6%
and
91.7%
Bel-Air. [Bonus below here]
91.6%
Bel-Air.'
91.6%
Bel-Air.'
91.6%
Bel-Air.
91.6%
In
91.1%
in
91.1%
in
91.1%
in
91.1%
in
91.1%
to
90.2%
to
90.2%
to
90.2%
to
90.2%
to
90.2%
to
90.2%
ya
89.6%
is
88.7%
you
88.5%
up
88.5%
up
88.5%
is
88.2%
got
87.5%
% Correct
got
87.5%
got
87.5%
prince
87.3%
Prince
87.3%
'Yo,
86.8%
'Yo
86.8%
no
86.1%
On
85.1%
on
84.3%
uncle
83.2%
mom
82%
this
82%
this
82%
about
81.9%
about
81.9%
story
81.6%
all
80.2%
all
80.2%
all
80.2%
West
80%
how
79.9%
how
79.9%
born
79.9%
said,
79.8%
said
79.8%
your
79.8%
raised,
79.5%
auntie
79.2%
with
77.9%
life
77.8%
where
77.8%
Philadelphia
77.4%
down.
77.2%
fight
76.7%
most
76.3%
scared,
76.3%
neighborhood.
76.3%
trouble
75.9%
good,
75.9%
movin'
75.7%
upside
75.7%
spent
75.4%
little
75.3%
days.
74.9%
playground
74.9%
one
74.8%
cab
74.8%
cab
74.8%
there,
74.4%
there
74.4%
turned
73.6%
out,
72.9%
were
72.8%
When
72.6%
when
72.6%
started
72.5%
'You're
72%
guys,
71.9%
sit
71.9%
makin'
71.8%
'FRESH'
71.2%
sit
71%
smell
70.9%
later.'
70.9%
% Correct
couple
70.8%
nah
70.2%
home
69.8%
called
69.7%
was
69.5%
was
69.5%
became
68.7%
town
68.6%
b-ball
67.8%
tell
67.8%
school. [Bonus below here]
67.5%
Chillin'
66.8%
some
66.8%
it
66.6%
it
66.3%
it,
66.3%
Now
66.1%
relaxin'
66%
right
65.7%
shootin'
64.8%
who
64.7%
outside
63.8%
house
63.4%
came
63.3%
or
63.1%
just
62.5%
cool,
61.9%
for
61.6%
as
61.4%
flipped,
60.7%
seven
60.4%
take
60.3%
eight
60.2%
pulled
60.1%
dice
59.9%
cabbie,
59.8%
throne
59.7%
minute,
59.6%
mirror.
59.3%
I'll
58.3%
yelled
57.6%
like
57.6%
plate
57.1%
license
56.4%
maxin',
56.4%
had
55.5%
near,
55.1%
I'd
54.7%
finally
54.2%
at
54%
whistled
53.1%
homes,
50.4%
kingdom;
49.5%
that
49.5%
Looked
48.8%
If
46.7%
thought
45.1%
but
44.6%
rare,
42.8%
forget
42.4%
anything
41.3%
could
39%
say
38.8%
Remove Ads.
Support Sporcle.
Get the best of Sporcle when you Go Orange. This ad-free experience offers more features, more stats, and more fun while also helping to support Sporcle. Thank you for becoming a member.

You're not logged in!

Compare scores with friends on all Sporcle quizzes.
OR
Log In

Show Comments

Extras

Top Quizzes Today


Score Distribution

Your Account Isn't Verified!

In order to create a playlist on Sporcle, you need to verify the email address you used during registration. Go to your Sporcle Settings to finish the process.

Report this User

Report this user for behavior that violates our Community Guidelines.

Details: